000 00767nam a2200253Ia 4500
003 OSt
005 20220923224743.0
006 a|||||r|||| 00| 0
007 ta
008 220922b |||||||| |||| 00| 0 hin d
024 _a249,699
037 _cTextual
040 _aARTS
_cARTS
_bhin
041 _2hin
_ahin
082 _aO152,1:g(P), K0
100 _aसंसार चन्द्र
_9156318
245 0 _aहिन्दी काव्य मे अन्योक्ति
246 _aHindī kāvya me anyokti
260 _c1960
300 _a351पृ.
_ccm.
650 _aहिन्दी साहित्य
_9156264
942 _hO152,1:g(P), K0
_cTEXL
_2CC
999 _c373443
_d373443